000 01072nam a22003017a 4500
001 10117
003 FISKH
005 20260421141710.0
008 260421b cb ||||| |||| 00| 0 eng d
020 _a0439141338
040 _aFISKH
_beng
_cFISKH
_dFISKH
050 _aPZ7 .W8606 .M
082 _a813.54
100 _aWoodruff , Elvira
245 _aThe memory coat /
_cStory by Elvira Woodrugg : Illustration by Michael Dooling
250 _aFirst Scholastic printing , September 1999
260 _aNew York :
_bScholastic ,
_c1999.
300 _a32 unnumbered pages :
_bcolor illustrations ;
_c23 X 25 cm .
505 _aV
520 _aIn the early 1900s, two cousins leave their Russian shtetl with the rest of their family to come to America, hopeful that they will all pass the dreaded inspection at Ellis Island.
521 8 _a860
_bLexile AD
521 8 _aV
_bRaz-Plus
650 _aRussian immigrants
_vFiction
650 _aJewish
_vFiction
700 _aDooling , Michael
_eIllustrator
942 _2ddc
_cBK
_n0
999 _c10117
_d10117